Statistiques concernant 100 personnages Disney

Cliquez ici pour prendre le quiz!

Statistiques générales

  • Ce quiz a été pris 34 652 fois
    (34 534 depuis la dernière actualisation)
  • Le résultat moyen est 45 sur 100

Statistiques - réponses

Réponse% Correct
1937Blanche-Neige
94%
1950Cendrillon
88%
1991Belle
84%
1989Ariel
81%
1959Aurore
81%
2013Elsa
80%
2010Raiponce
80%
Anna
77%
La Bête
77%
Grincheux
74%
1940Mickey
74%
1998Mulan
74%
1992Aladdin
72%
Jasmine
70%
Olaf
70%
1994Simba
69%
Simplet
69%
Atchoum
67%
1953Peter Pan
66%
Dormeur
65%
Prof
64%
2016Vaiana
62%
1995Pocahontas
59%
Jafar
58%
Joyeux
58%
La Fée Clochette
58%
Polochon
58%
1940Pinocchio
57%
Timide
57%
Maléfique
56%
Nala
56%
1942Bambi
54%
1941Dumbo
54%
2009Tiana
54%
1951Alice
52%
Capitaine Crochet
52%
Cruella
52%
Pumbaa
52%
1997Hercule
50%
Wendy
50%
Sébastien
49%
Timon
49%
Ursula
49%
Le Génie
48%
Gus
47%
Javotte
47%
Gaston
46%
Marie
46%
1967Mowgli
45%
Anastasie
44%
Lumière
43%
Pan-Pan
43%
Clochard
40%
Baloo
39%
2002Lilo
39%
Stitch
39%
1999Tarzan
39%
1977Bernard
38%
Bianca
38%
Geppetto
38%
1981Rox
37%
Mushu
36%
1973Robin
36%
Le Lapin Blanc
35%
1963Merlin
35%
Le Chapelier Fou
34%
Le Chat de Chester
34%
Rouky
34%
Berlioz
32%
Duchesse
32%
Esméralda
32%
La Reine de Coeur
32%
Arthur
31%
Hadès
31%
Jane
31%
Mouche
31%
Toulouse
31%
1961Pongo
30%
Jiminy Cricket
29%
1955Lady
29%
Fleur
28%
La Marraine Fée
27%
Lucifer
27%
Mégara
27%
1996Quasimodo
26%
John Smith
24%
Perdita
23%
1970Thomas O'Malley
23%
2000Kuzco
21%
Le Fou
19%
Bagheera
18%
Belle Marianne
18%
1988Oliver
18%
Petit Jean
18%
Chang
17%
Frollo
16%
Pégase
16%
Panique
12%
Phoebus
12%
Peine
11%

Distribution des résultats

Percentile par nombre de réponses

% des personnes avec chaque résultat

Votre développement - résultats

Vous n’avez pas pris ce quiz depuis la dernière actualisation